Reaching hard-to-reach adults /

Bibliographic Details
Other Authors: Darkenwald, Gordon G., Larson, Gordon A.
Format: Book
Language:English
Published: San Francisco : Jossey-Bass, 1980.
Series:New directions for adult and continuing education ; no. 8.
Subjects:

MARC

Tag First Indicator Second Indicator Subfields
LEADER 00000cam a2200000 a 4500
001 in00000089788
005 20151008063511.0
008 810609s1980 cau b 00100 eng
010 |a  81127414  
020 |a 0875898157 
035 |a (OCoLC)07571721 
035 |9 AAK2366AM 
039 0 |a 2  |b 3  |c 3  |d 3  |e 3 
040 |a DLC  |c DLC  |d TXA  |d UtOrBLW 
049 |a TXAM  |c [1406700] 
050 0 0 |a LC5219  |b .R4 
082 0 |a 374  |2 19 
245 0 0 |a Reaching hard-to-reach adults /  |c Gordon G. Darkenwald, Gordon A. Larson, guest editors. 
264 1 |a San Francisco :  |b Jossey-Bass,  |c 1980. 
300 |a viii, 96 pages ;  |c 24 cm. 
336 |a text  |b txt  |2 rdacontent 
337 |a unmediated  |b n  |2 rdamedia 
338 |a volume  |b nc  |2 rdacarrier 
490 1 |a New directions for continuing education,  |x 0195-2242 ;  |v no. 8 
504 |a Includes bibliographies and index. 
650 0 |a Continuing education. 
700 1 |a Darkenwald, Gordon G. 
700 1 |a Larson, Gordon A. 
830 0 |a New directions for adult and continuing education ;  |v no. 8. 
999 |a MARS 
999 f f |s 12399709-ab2e-39af-8f21-99956947ba13  |i 8b3a2997-1a6e-323b-a443-37dbe4435602  |t 0 
952 f f |p normal  |a Texas A&M University  |b College Station  |c Sterling C. Evans Library  |d Evans: Library Stacks  |t 0  |e LC5219 .R4  |h Library of Congress classification  |i unmediated -- volume  |m A14806164663 
998 f f |a LC5219 .R4  |t 0  |l Evans: Library Stacks